U.S. Global Cities - Statistics

General Stats
  • This quiz has been taken 130 times
  • The average score is 46 of 54
Answer Stats
Hint Answer % Correct
Beta+ Houston
99%
Alpha Los Angeles
99%
Beta+ Miami
99%
Beta+ Atlanta
98%
Alpha- Boston
98%
Alpha Chicago
98%
Beta+ Dallas
98%
Beta Denver
98%
Alpha++ New York
98%
Alpha- San Francisco
97%
Beta Seattle
97%
Gamma+ Orlando
96%
Beta- Tampa
96%
Sufficiency Jacksonville
94%
Gamma- Kansas City
94%
Beta Philadelphia
94%
High Sufficiency San Antonio
94%
Beta- Austin
93%
Beta- Minneapolis
93%
Gamma Nashville
93%
Beta- San Diego
93%
Sufficiency Memphis
92%
Gamma+ Phoenix
92%
Beta+ Washington
92%
Beta- Detroit
91%
Sufficiency Pittsburgh
91%
Gamma- Cleveland
90%
Sufficiency New Orleans
90%
Sufficiency Portland
90%
Gamma+ Baltimore
89%
Gamma+ St. Louis
89%
High Sufficiency Indianapolis
88%
Sufficiency Las Vegas
88%
Gamma+ San Jose
88%
Gamma+ Charlotte
87%
High Sufficiency Raleigh
87%
Gamma- Columbus
84%
Gamma- Milwaukee
84%
Sufficiency Oklahoma City
84%
Gamma- Salt Lake City
82%
Gamma- Sacramento
79%
Sufficiency Honolulu
78%
Sufficiency Richmond
78%
Sufficiency Buffalo
76%
Sufficiency Louisville
74%
High Sufficiency Cincinnati
73%
Sufficiency Omaha
72%
High Sufficiency Hartford
64%
Sufficiency Tulsa
64%
Sufficiency Des Moines
61%
Sufficiency Birmingham
58%
Sufficiency Rochester
49%
Sufficiency Harrisburg
33%
Sufficiency Palo Alto
10%
No matching quizzes found
Score Distribution
Percent of People with Each Score
Percentile by Number Answered
Your Score History
You have not taken this quiz